书目信息 |
| 题名: |
汉语被动表述问题研究新拓展
|
|
| 作者: | 邢福义 主编 | |
| 分册: | ||
| 出版信息: | 武汉 华中师范大学出版社 2006.05 |
|
| 页数: | 546页 | |
| 开本: | 20cm | |
| 丛书名: | 华中语学论库 | |
| 单 册: | ||
| 中图分类: | H146 | |
| 科图分类: | ||
| 主题词: | 汉语--han yu--语法--研究 | |
| 电子资源: | ||
| ISBN: | 7-5622-3372-1 | |
| 000 | 01004nam 2200253 450 | |
| 001 | 012006008000 | |
| 005 | 20061220151123.14 | |
| 010 | @a7-5622-3372-1@dCNY31.20 | |
| 100 | @a20061123d2006 km y0chiy0120 ea | |
| 101 | 0 | @achi |
| 102 | @aCN@b420000 | |
| 105 | @ay a 000yy | |
| 200 | 1 | @a汉语被动表述问题研究新拓展@Ahan yu bei dong biao shu wen ti yan jiu xin tuo zhan@f邢福义主编@Fxing fu yi zhu bian |
| 210 | @a武汉@c华中师范大学出版社@d2006.05 | |
| 215 | @a546页@d20cm | |
| 225 | 2 | @a华中语学论库@Ahua zhong yu xue lun ku@h第二辑 |
| 320 | @a有书目。 | |
| 330 | @a本书收录“汉语被动表述问题研究”国际学术研讨会论文39篇。其中对汉语的被动表述问题既有横向研究,也有纵向研究,将现代汉语普通话与汉语方言、少数民族研究以及国外其他语言比较,将上古、中古、近现代汉语进行比较,从而找出汉语被动表述的发展规律。 | |
| 410 | 0 | @12001 @a华中语学论库 |
| 606 | 0 | @a汉语@Ahan yu@x语法@x研究 |
| 690 | @aH146@v4 | |
| 701 | 0 | @a邢福义@Axing fu yi@4主编 |
| 801 | 0 | @aCN@c20061220 |
| 905 | @a10447@dH146@eX607 | |
| 汉语被动表述问题研究新拓展/邢福义主编.-武汉:华中师范大学出版社,2006.05 |
| 546页;20cm.-(华中语学论库.第二辑) |
| ISBN 7-5622-3372-1:CNY31.20 |
| 本书收录“汉语被动表述问题研究”国际学术研讨会论文39篇。其中对汉语的被动表述问题既有横向研究,也有纵向研究,将现代汉语普通话与汉语方言、少数民族研究以及国外其他语言比较,将上古、中古、近现代汉语进行比较,从而找出汉语被动表述的发展规律。 |
| ● |
| 相关链接 |
|
|
|
正题名:汉语被动表述问题研究新拓展
索取号:H146/X607
 
预约/预借
| 序号 | 登录号 | 条形码 | 馆藏地/架位号 | 状态 | 备注 |
| 1 | 228368 | 202283689 | 语言库209/209语言库 73排3列3层/ [索取号:H146/X607] | 在馆 | |
| 2 | 228369 | 202283698 | 语言库209/209语言库 73排3列3层/ [索取号:H146/X607] | 在馆 | |
| 3 | 228370 | 202283705 | 语言库209/209语言库 73排3列3层/ [索取号:H146/X607] | 在馆 |